000 00916nam a22002057a 4500
999 _c62939
_d62939
003 Ge_BSU
005 20250326173247.0
008 250326s2004 ge ||||| |||| 00| 0 geo d
020 _a9994078631
041 _ageo
080 _a616.895.8 გ-19
100 _aგამყრელიძე, შოთა
_96606
245 _aშიზოფრენია გუშინ, დღეს, ხვალ :
_b(ნარკვევები ფსიქიატრიის ისტორიიდან) /
_cშოთა გამყრელიძე, აკაკი გამყრელიძე.
264 _aთბ. :
_bლეგა,
_c2004.
300 _a528 გვ. :
_b ფოტ. ;
_c29 სმ.
653 _aშიზოფრენია
653 _aმედიცინა
700 _aგამყრელიძე, აკაკი
_eავტორი
_916470
942 _2udc
_cᲬᲘᲒᲜᲘ